| 000 | 01347nam0a22002531 4500 | ||
|---|---|---|---|
| 001 | rc\2575503 | ||
| 005 | 20250623114024.0 | ||
| 035 | _a(NLR Aleph) 006740174 | ||
| 090 |
_a5635823 _c5635823 |
||
| 100 | _a20110914d1928 |||y0rusy50 ca | ||
| 101 | 0 | _arus | |
| 102 | _aRU | ||
| 105 | _ay z ||||| | ||
| 200 | 1 |
_aВведение в исторический материализм _fЛ. Я. Зивельчинская |
|
| 210 |
_aМосква _cРаботник просвещения _d1928 _g7-я тип. "Искра революции" Мосполиграфа |
||
| 215 |
_a31 с., [1] с. объявл. _d17х13 см. |
||
| 225 | 1 |
_aСистематические программы самообразовательного чтения. Обществоведческий цикл. Ступень II _fЦентр. ком-т Профес. союза работников просвещения СССР. Комиссия помощи самообразованию при Культотд. ЦК. Под ред. А. Г. Калашникова и А. П. Пинкевича |
|
| 700 | 1 |
_4070 _7ca _8rus _aЗивельчинская _bЛ. Я. _f1894-1985 _gЛия Яковлевна _92642186 _3RU\NLR\AUTH\770272309 |
|
| 801 | 0 |
_aRU _bNLR _gpsbo |
|
| 801 | 1 |
_aRU _bELAR _2rusmarc |
|
| 852 |
_aNLR _j41/4879 |
||
| 942 | _cBOOK | ||
| 980 | _aNB | ||